| 000 | 00942cam a22002174a 4500 | ||
|---|---|---|---|
| 005 | 20250605163956.0 | ||
| 008 | 250528s ||||||||||||||||||||||||d | ||
| 035 | _a15465 | ||
| 020 | _a566006138 | ||
| 040 |
_aGR-AtMCL _bgre _dGR-AtMCL _eAACR2 |
||
| 245 | 1 | _aThe Management of a Student Research Project | |
| 250 | _a1st | ||
| 260 |
_bGower Publishing, _c1994 |
||
| 300 | _a242 | ||
| 520 | _aThis book is a practical guide for all those students Intending to write up and Present for Examination the results of research projects. Research and the Research Student, Selecting and Justifying a Research Topic, Planning the Research Project, Literature Searching, Analyzing the Data, Gathering the Data, Executive the Research, Presentation on the Research Findings, Appendices, General Bibliography, Index. | ||
| 700 | 1 |
_aHoward Keith _91389 |
|
| 700 | 1 |
_aSharp John A _91390 |
|
| 942 | _cBK | ||
| 999 |
_c1044 _d1044 |
||